Central Library OPAC University of Rajshahi

Collective models of the nucleus / (Record no. 67322)

MARC details
000 -LEADER
fixed length control field 00741nam a2200241 a 4500
001 - CONTROL NUMBER
control field 67322
003 - CONTROL NUMBER IDENTIFIER
rucl marc code BD-RjUL
005 - DATE AND TIME OF LATEST TRANSACTION
control field 20211209081634.0
008 - FIXED-LENGTH DATA ELEMENTS--GENERAL INFORMATION
fixed length control field 170323s1968 nyua b 001 0 eng d
035 ## - SYSTEM CONTROL NUMBER
System control number (BD-RjUL)67453
040 ## - CATALOGING SOURCE
Original cataloging agency DLC
Transcribing agency DLC
Modifying agency DLC
-- BD-RjUL
Language of cataloging eng
041 ## - LANGUAGE CODE
Language code of text/sound track or separate title eng
082 00 - DEWEY DECIMAL CLASSIFICATION NUMBER
Classification number 539.74
Edition number 23
Author mark and year DAC 1968
100 1# - MAIN ENTRY--PERSONAL NAME
Personal name Davidson, J. P.
9 (RLIN) 199459
245 10 - TITLE STATEMENT
Title Collective models of the nucleus /
Statement of responsibility, etc. J. P. Davidson
260 ## - PUBLICATION, DISTRIBUTION, ETC. (IMPRINT)
Place of publication, distribution, etc. New York :
Name of publisher, distributor, etc. Academic Press,
Date of publication, distribution, etc. 1968.
300 ## - PHYSICAL DESCRIPTION
Pagination xii, 238 p. :
Illustrations ill. ;
Size 24 cm.
504 ## - BIBLIOGRAPHY, ETC. NOTE
Bibliography, etc Include Bibliography and index.
650 #0 - SUBJECT ADDED ENTRY--TOPICAL TERM
Topical term or geographic name as entry element Nuclear Structure
9 (RLIN) 199461
830 ## - SERIES ADDED ENTRY--UNIFORM TITLE
Uniform title Pure and applied physics ;
Volume number/sequential designation v. 29
942 ## - ADDED ENTRY ELEMENTS (KOHA)
Source of classification or shelving scheme Dewey Decimal Classification
Koha item type Books
Holdings
Lost status Source of classification or shelving scheme Damaged status Not for loan Collection code Permanent Location Current Location Shelving location Date acquired Source of acquisition Cost, normal purchase price Total Checkouts Full call number Date last seen Copy number Koha item type
  Dewey Decimal Classification   Not For Loan Non-fiction Central Library, University of Rajshahi Central Library, University of Rajshahi Reading Room 09/12/2021 zeithinger 120.00   539.74 DAC 1968 23/03/2017 C-1 Books